Tuntematon sotilas -koodinpurku - Statistics

General Stats
  • This quiz has been taken 61 times
  • The average score is 15 of 24
Answer Stats
Hint Answer % Correct
A Rokan etunimi Antero
98%
P Kaupunki, jonka valtaamista konekiväärikomppania tukee Petroskoi
88%
I Honkajoen tavoitteena on keksiä tällainen Ikiliikkuja
84%
K Edellisen sotilasarvo Kapteeni
84%
L Vihattu aktiiviupseeri Lammio
84%
E Vuoden 1955 elokuvan ohjaaja: _____ Laine Edvin
80%
K Konekiväärikomppanian päällikkö sodan alkaessa Kaarna
73%
H Varsinaissuomalainen aliupseeri Hietanen
71%
L Edellisen sotilasarvo sodan alkaessa Luutnantti
71%
Ä Kyseisen kaupunkin nimi valtauksen jälkeen Äänislinna
69%
A Näyttelee Rokkaa vuoden 2017 elokuvassa: Eero ___ Aho
69%
K Juoma, jota komppaniassa nautitaan Mannerheimin syntymäpäivänä Kilju
69%
P Ainoa näyttelijä, joka on nimiroolissa sekä vuoden 1985 että vuoden 2017 elokuvassa Pirkka-Pekka Petelius
61%
A Romaanin päätössanat Aika velikultia
59%
P Vanhalan lempinimi: Ylen sankia _____ Priha
57%
A Honkajoen etunimi Aarne
53%
A Helsinkiläinen täydennysmies Asumaniemi
53%
N Kersantti Penttisen kuuluisin sitaatti: ________ orsilla tavataan Nahkurin
53%
H Innokas täydennysmies, joka kaatuu ensimmäisessä vartiossaan Hauhia
51%
J Kariluodon etunimi Jorma
51%
O Näyttelee Määttää vuoden 2017 elokuvassa: Max ______ Ovaska
43%
Hakkaa päälle pohjan poika
39%
O Rahikaisen lemmikkitäin nimi Oskari
29%
Ä Valssi, jota Koskela laulaa marssiessaan humalassa komentokorsuun Äänisen aallot
22%
No matching quizzes found
Score Distribution
Percent of People with Each Score
Percentile by Number Answered
Your Score History
You have not taken this quiz